| 000 | 00768 am a2200253uu 4500 | ||
|---|---|---|---|
| 001 | 010214359 | ||
| 005 | 20140324141550.0 | ||
| 008 | 970902t1997 xxka frb 001 0 eng d | ||
| 020 | _a9054106484 | ||
| 020 | _a9789054106487 | ||
| 040 |
_aUk _cUk |
||
| 082 | 0 | 4 |
_222 _a624 _bLEA |
| 245 | 0 | 0 |
_aLean construction / _cedited by Luis Alarcón. |
| 260 |
_aLondon ; _aNew York, United States : _bTaylor & Francis, _cc.1997. |
||
| 300 |
_axi, 497 p. : _bill. ; _c26 cm. |
||
| 500 | _aIncludes indexes. | ||
| 504 | _aIncludes bibliographical references. | ||
| 650 | 0 |
_917878 _aConstruction industry |
|
| 650 | 0 |
_aLean manufacturing _935776 |
|
| 653 |
_bENGARC _cMarch2014 |
||
| 655 |
_vtext book _933728 |
||
| 700 | 1 |
_aAlarcón, Luis F. _eeditor. |
|
| 942 |
_2ddc _k624 LEA |
||
| 999 |
_c18167 _d18139 |
||